header

Superheroes and philosophy (Record no. 202150)

MARC details
000 -LEADER
fixed length control field 01522nam a2200349 a 4500
082 04 - DEWEY DECIMAL CLASSIFICATION NUMBER
Classification number 741.5/09
245 00 - TITLE STATEMENT
Title Superheroes and philosophy
260 ## - PUBLICATION, DISTRIBUTION, ETC. (IMPRINT)
Place of publication Chicago, Ill. :
Name of publisher Open Court,
Year of publication c2005.
300 ## - PHYSICAL DESCRIPTION
Number of Pages xiii, 281 p.
490 1# - SERIES STATEMENT
Series statement Popular culture and philosophy ;
505 0# - FORMATTED CONTENTS NOTE
Formatted contents note The image of the superhero -- The existential world of the superhero -- Superheroes and moral duty -- Identity and superhero metaphysics.
650 #0 - SUBJECT ADDED ENTRY--TOPICAL TERM
Topical Term Comic books, strips, etc.
Topical Term Heroes in literature.
700 1# - ADDED ENTRY--PERSONAL NAME
Personal name Morris, Thomas V.
Personal name Morris, Matt,
856 40 - ELECTRONIC LOCATION AND ACCESS
Uniform Resource Identifier http://site.ebrary.com/lib/rucke/Doc?id=10400442

No items available.

© 2026 Rongo University
Contact us: librarian | system librarian | Rongo university